00577nam a22001577a 450000500170000000800410001702000150005804100130007308200140008610000690010024501290016925000190029826000470031730000300036465000250039420231102124709.0231102b |||||||| |||| 00| 0 eng d a0702135801 aEnglish  a346.6 HAH aPretorius, JT, Delport, PA, Havenga, M and Vermans, MlEnglish  aHahlo's South African Company Law through the cases : bA source book / cJT Pretorius, PA Delport, M Havenga and M Vermans  aFifth Edition  aCape Town : bJuta and Company Ltd, c1991 bliv, 765 pages ; c25 cm. aLegal practice bLaw